[Event "GER-chT U20 Girls"]
[Site "Naumburg Saale"]
[Date "2014.12.28"]
[Round "3.2"]
[White "Denz, Annika"]
[Black "Rosmanitz, Anna"]
[Result "0-1"]
[WhiteElo "1485"]
[BlackElo "1422"]
[PlyCount "124"]
[EventDate "2014.12.27"]
[EventType "team-swiss"]
[EventRounds "7"]
[EventCountry "GER"]
[SourceTitle "EXT 2016"]
[Source "ChessBase"]
[SourceDate "2015.10.08"]
[SourceVersion "1"]
[SourceVersionDate "2015.10.08"]
[SourceQuality "1"]
[WhiteTeam "Freiburg Zaehringen"]
[BlackTeam "Hattersheim"]
[WhiteTeamCountry "GER"]
[BlackTeamCountry "GER"]

1. e4 e5 2. Nf3 Nc6 3. Bc4 Nf6 4. Nc3 Nxe4 5. Nxe4 d5 6. Bd3 dxe4 7. Bxe4 Qf6 8. 0-0 Bg4 9. Qe1 Bd6 10. d4 Bxf3 11. dxe5 Nxe5 12. Bxf3 0-0-0 13. Qe3 Kb8 14. Qb3 Nxf3+ 15. Qxf3 Qxf3 16. gxf3 Rhe8 17. Be3 Re6 18. Kh1 Be5 19. Rad1 Red6 20. Rxd6 Rxd6 21. Re1 b6 22. b3 Rf6 23. Bg5 Rf5 24. Bh4 g5 25. Bg3 Bxg3 26. fxg3 Rxf3 27. Kg2 Rf6 28. Re5 h6 29. c4 Kb7 30. g4 Kc6 31. Kg3 Kd6 32. Re3 c5 33. Re8 Re6 34. Rh8 Ke5 35. Rh7 Rf6 36. h4 Ke4 37. hxg5 hxg5 38. Rg7 Rf3+ 39. Kg2 f6 40. Rxa7 Kf4 41. Rb7 Kxg4 42. Rxb6 f5 43. Rg6 Rd3 44. Kf1 Kf3 45. Ke1 g4 46. Rg5 f4 47. Rxc5 g3 48. Rg5 g2 49. c5 Re3+ 50. Kd2 Kf2 51. c6 g1Q 52. Rxg1 Kxg1 53. c7 Re8 54. b4 f3 55. b5 f2 56. b6 f1Q 57. Kc3 Qf6+ 58. Kc4 Qxb6 59. a4 Qxc7+ 60. Kb4 Rb8+ 61. Ka3 Qa7 62. a5 Qxa5# 0-1

[Event "Wiesbaden op 26th"]
[Site "Wiesbaden"]
[Date "2014.08.30"]
[Round "4"]
[White "Rosmanitz, Anna"]
[Black "Budde, Michael"]
[Result "0-1"]
[WhiteElo "1599"]
[BlackElo "1884"]
[PlyCount "126"]
[EventDate "2014.08.28"]
[EventType "swiss"]
[EventRounds "7"]
[EventCountry "GER"]
[SourceTitle "CBM 162 Extra"]
[Source "ChessBase"]
[SourceDate "2014.10.17"]
[SourceVersion "1"]
[SourceVersionDate "2014.10.17"]
[SourceQuality "1"]

1. e4 d5 2. exd5 Nf6 3. Nc3 Nxd5 4. Bc4 e6 5. Qf3 c6 6. d4 Bb4 7. Nge2 Nd7 8. 0-0 0-0 9. Qg3 Qc7 10. Qh4 Be7 11. Qh3 Nb4 12. a3 Nb6 13. Bb3 N4d5 14. Ne4 e5 15. Qh5 exd4 16. Nxd4 Nf6 17. Nxf6+ Bxf6 18. Ne2 g6 19. Qf3 Be5 20. Kh1 Re8 21. Ng3 Be6 22. Re1 Bxb3 23. cxb3 Rad8 24. Bg5 Rd5 25. Bf6 Re6 26. Ne4 Nd7 27. Bxe5 Rdxe5 28. Re3 Rf5 29. Qe2 Rh5 30. Ng3 Rhe5 31. Ne4 Kg7 32. Re1 Nb6 33. Qd3 Nd5 34. Nc5 Rxe3 35. Rxe3 Rxe3 36. fxe3 b6 37. Qd4+ Kg8 38. Nd3 Qe7 39. e4 Nf6 40. e5 Nd7 41. Qe4 Qe6 42. b4 f6 43. Kg1 Nxe5 44. Nf4 Qc4 45. Qe3 c5 46. Qd2 Qd4+ 47. Qxd4 cxd4 48. Kf2 Kf7 49. Ke2 f5 50. a4 Ke7 51. b5 Kd6 52. b4 g5 53. Nh3 h6 54. Nf2 Kd5 55. Nd3 Nxd3 56. Kxd3 f4 57. a5 g4 58. h4 gxh3 59. gxh3 f3 60. a6 h5 61. h4 Ke5 62. Kd2 Ke4 63. Ke1 Ke3 0-1

[Event "Wiesbaden op 26th"]
[Site "Wiesbaden"]
[Date "2014.08.29"]
[Round "3"]
[White "Jahraus, Marlis"]
[Black "Rosmanitz, Anna"]
[Result "0-1"]
[WhiteElo "1124"]
[BlackElo "1599"]
[PlyCount "72"]
[EventDate "2014.08.28"]
[EventType "swiss"]
[EventRounds "7"]
[EventCountry "GER"]
[SourceTitle "CBM 162 Extra"]
[Source "ChessBase"]
[SourceDate "2014.10.17"]
[SourceVersion "1"]
[SourceVersionDate "2014.10.17"]
[SourceQuality "1"]

1. e4 e5 2. Nf3 Nc6 3. Bb5 f5 4. d3 Bc5 5. 0-0 d6 6. Bg5 Nf6 7. Nbd2 0-0 8. Re1 Qe8 9. h3 Qg6 10. Bxc6 bxc6 11. Be3 Bxe3 12. Rxe3 f4 13. Re1 Qh6 14. Kf1 g5 15. Ke2 g4 16. hxg4 Bxg4 17. Rh1 Qg6 18. Qg1 d5 19. Ke1 Rae8 20. b3 Kf7 21. Nh4 Qg5 22. f3 Bd7 23. Ke2 Rg8 24. Nf1 Bc8 25. Qf2 d4 26. Rg1 Nh5 27. g3 fxg3 28. Rxg3 Nxg3+ 29. Nxg3 Qxh4 30. Rg1 Rg7 31. Nf5 Qxf2+ 32. Kxf2 Bxf5 33. Rxg7+ Kxg7 34. exf5 Rf8 35. Kg3 Rxf5 36. Kg4 Kg6 0-1

[Event "GER-chT U20 Girls"]
[Site "Osnabrueck"]
[Date "2013.12.30"]
[Round "7.2"]
[White "Halle, Julia"]
[Black "Rosmanitz, Anna"]
[Result "1-0"]
[WhiteElo "1403"]
[BlackElo "1476"]
[PlyCount "75"]
[EventDate "2013.12.27"]
[EventType "team-swiss"]
[EventRounds "7"]
[EventCountry "GER"]
[SourceTitle "EXT 2015"]
[Source "ChessBase"]
[SourceDate "2014.11.20"]
[SourceVersion "1"]
[SourceVersionDate "2014.11.20"]
[SourceQuality "1"]
[WhiteTeam "Burgtonna"]
[BlackTeam "Hattersheim"]
[WhiteTeamCountry "GER"]
[BlackTeamCountry "GER"]

1. e4 d5 2. e5 Bf5 3. d4 e6 4. Nf3 c6 5. Be2 Nd7 6. 0-0 c5 7. c3 Qc7 8. Bf4 Ne7 9. dxc5 Nxc5 10. Bb5+ Nc6 11. Bxc6+ Qxc6 12. Nd4 Qd7 13. Nxf5 exf5 14. Qd4 Ne6 15. Qe3 Bc5 16. Qg3 0-0-0 17. Nd2 h6 18. Nb3 Nxf4 19. Qxf4 Bb6 20. Rad1 g5 21. Qd2 f4 22. Nd4 Rhe8 23. Rfe1 Re7 24. Qe2 Rde8 25. Qh5 Qd6 26. Nf5 Bxf2+ 27. Kxf2 Qc5+ 28. Rd4 Rxe5 29. Rxe5 Rxe5 30. Qxf7 Qb6 31. Qf8+ Kd7 32. Qg7+ Kc8 33. Qxe5 Qxb2+ 34. Kf3 Qxc3+ 35. Kg4 h5+ 36. Kxg5 Qa5 37. Ne7+ Kd8 38. Rxd5+ 1-0

[Event "Wiesbaden op 25th"]
[Site "Wiesbaden"]
[Date "2013.08.23"]
[Round "2"]
[White "Rosmanitz, Anna"]
[Black "Sandten, Ulrich"]
[Result "0-1"]
[WhiteElo "1615"]
[BlackElo "2073"]
[PlyCount "96"]
[EventDate "2013.08.22"]
[EventType "swiss"]
[EventRounds "7"]
[EventCountry "GER"]
[SourceTitle "EXT 2014"]
[Source "ChessBase"]
[SourceDate "2013.11.20"]
[SourceVersion "1"]
[SourceVersionDate "2013.11.20"]
[SourceQuality "1"]

1. e4 c6 2. d4 d5 3. Bd3 dxe4 4. Bxe4 Nf6 5. Bf3 Bf5 6. Ne2 e6 7. Bg5 Nbd7 8. Nd2 Be7 9. c3 0-0 10. 0-0 e5 11. Bxf6 Bxf6 12. Ne4 Be7 13. N2g3 Be6 14. Re1 f5 15. Nd2 e4 16. Qe2 Bg5 17. Ndxe4 fxe4 18. Bxe4 Bf7 19. Qg4 Bd2 20. Rf1 Nf6 21. Qf5 Re8 22. Bd3 Qd7 23. Qf3 Bd5 24. Qd1 Bf4 25. Bf5 Qd6 26. Qd3 b5 27. b3 Rad8 28. Rfe1 Bf7 29. Ne4 Nxe4 30. Bxe4 Qh6 31. g3 Bc7 32. Qf3 Re6 33. Re3 Rf6 34. Qg2 Bb6 35. Rae1 a5 36. Rf3 b4 37. cxb4 axb4 38. Rxf6 Qxf6 39. Bxc6 Bxd4 40. Bf3 Rc8 41. Be4 Be6 42. Qf1 Rf8 43. Re2 g6 44. Qg2 Kg7 45. Rd2 Qe5 46. Kh1 Bh3 47. Qxh3 Qxe4+ 48. Kg1 Qe1+ 0-1

[Event "GER-chT U20 Girls"]
[Site "Osnabrueck"]
[Date "2012.12.28"]
[Round "4.2"]
[White "Rosmanitz, Anna"]
[Black "Bachem, Lisa"]
[Result "0-1"]
[WhiteElo "1377"]
[BlackElo "1541"]
[PlyCount "66"]
[EventDate "2012.12.27"]
[EventType "team-swiss"]
[EventRounds "7"]
[EventCountry "GER"]
[SourceTitle "EXT 2014"]
[Source "ChessBase"]
[SourceDate "2013.11.20"]
[SourceVersion "1"]
[SourceVersionDate "2013.11.20"]
[SourceQuality "1"]
[WhiteTeam "Hattersheim"]
[BlackTeam "Fritzdorf Gruen Weiss"]
[WhiteTeamCountry "GER"]
[BlackTeamCountry "GER"]

1. e4 c5 2. Nc3 d6 3. f4 e6 4. Bb5+ Bd7 5. Bxd7+ Qxd7 6. d3 a6 7. Nf3 Nc6 8. 0-0 Nge7 9. Qe1 Ng6 10. f5 Nge5 11. fxe6 Nxf3+ 12. Rxf3 fxe6 13. Bg5 Nd4 14. Rf2 Be7 15. Qe3 0-0-0 16. Bf4 Rdf8 17. b3 g5 18. Bg3 h5 19. Na4 Qd8 20. c3 Rxf2 21. Bxf2 Nc2 22. Qc1 Nxa1 23. Qxa1 b5 24. Nb2 Bf6 25. d4 cxd4 26. cxd4 Qc7 27. Qd1 Qc3 28. Qe2 Bxd4 29. Nd1 Bxf2+ 30. Qxf2 Qc5 31. Qxc5+ dxc5 32. Nb2 Rd8 33. Kf1 Rd2 0-1

[Event "Eschborn op 09th"]
[Site "Eschborn"]
[Date "2012.06.01"]
[Round "1"]
[White "Rosmanitz, Anna"]
[Black "Kettner, Uwe"]
[Result "0-1"]
[WhiteElo "1323"]
[BlackElo "1981"]
[PlyCount "98"]
[EventDate "2012.06.01"]
[EventType "swiss"]
[EventRounds "5"]
[EventCountry "GER"]
[SourceTitle "EXT 2014"]
[Source "ChessBase"]
[SourceDate "2013.11.20"]
[SourceVersion "1"]
[SourceVersionDate "2013.11.20"]
[SourceQuality "1"]

1. e4 e6 2. d4 d5 3. Nc3 Nf6 4. Bd3 c5 5. Nf3 Nc6 6. Be3 c4 7. exd5 exd5 8. Be2 Bg4 9. Ne5 Bxe2 10. Qxe2 Be7 11. 0-0 0-0 12. Qf3 Bd6 13. Ng4 Nxg4 14. Qxg4 Ne7 15. f4 f5 16. Qh4 Bb4 17. Rf3 Bxc3 18. bxc3 Ng6 19. Qh5 Qh4 20. Qxh4 Nxh4 21. Rh3 Ng6 22. Rb1 b6 23. Re1 Rae8 24. Rf3 Re4 25. g3 Rfe8 26. Kf2 Kf7 27. Bd2 Rxe1 28. Bxe1 Ne7 29. Re3 Ng6 30. Rxe8 Kxe8 31. Kf3 Ne7 32. Bd2 Nc8 33. Bc1 Nd6 34. Bb2 Ne4 35. h3 Kd7 36. g4 g6 37. Ba1 Kc6 38. Bb2 Kb5 39. Ba1 Ka4 40. Bb2 b5 41. a3 Nxc3 42. Bxc3 Kxa3 43. gxf5 gxf5 44. Kg3 b4 45. Bxb4+ Kxb4 46. Kh4 a5 47. Kg5 a4 48. Kxf5 a3 49. Ke5 a2 0-1

[Event "GER-chT U20 Girls"]
[Site "Osnabrueck"]
[Date "2011.12.29"]
[Round "6.2"]
[White "Rosmanitz, Anna"]
[Black "Sturm, Johanna"]
[Result "0-1"]
[WhiteElo "1279"]
[BlackElo "1490"]
[PlyCount "100"]
[EventDate "2011.12.27"]
[EventType "team-swiss"]
[EventRounds "7"]
[EventCountry "GER"]
[SourceTitle "CBM 146 Extra"]
[Source "ChessBase"]
[SourceDate "2012.02.29"]
[SourceVersion "1"]
[SourceVersionDate "2012.02.29"]
[SourceQuality "1"]
[WhiteTeam "Hattersheim (W)"]
[BlackTeam "Fritzdorf (W)"]
[WhiteTeamCountry "GER"]
[BlackTeamCountry "GER"]

1. e4 e5 2. Nf3 Nc6 3. Bb5 d6 4. d3 h6 5. Nc3 Bd7 6. Be3 Nf6 7. 0-0 Be7 8. d4 exd4 9. Nxd4 Nxd4 10. Bxd7+ Qxd7 11. Bxd4 0-0 12. Re1 c5 13. Bxf6 Bxf6 14. e5 Be7 15. Nd5 Rfd8 16. Nxe7+ Qxe7 17. exd6 Qxd6 18. Qxd6 Rxd6 19. Red1 Rad8 20. Rxd6 Rxd6 21. h3 f6 22. Kf1 Kf7 23. c4 a5 24. a4 g5 25. Ra3 Rb6 26. Ra2 Ke6 27. Ke2 Ke5 28. Ke3 Rb3+ 29. Ke2 Kd4 30. Kd2 Kxc4 31. Kc2 Rd3 32. Ra1 Rd6 33. Re1 b6 34. Re4+ Kd5 35. f3 Re6 36. Rxe6 Kxe6 37. Kd3 Kd5 38. b3 f5 39. Kc3 f4 40. Kd3 h5 41. Kc3 c4 42. bxc4+ Kc5 43. Kb3 Kd4 44. Kc2 Kxc4 45. Kd2 Kb4 46. Kd3 Kxa4 47. Ke4 Kb5 48. Kf5 a4 49. Kxg5 a3 50. Kxh5 a2 0-1